| 000 | 01211nam a2200325 a 4500 | ||
|---|---|---|---|
| 001 | 000113523 | ||
| 003 | CHAP | ||
| 005 | 20220329144359.0 | ||
| 008 | 170731s2016 mx sm |||||||spa d | ||
| 010 | _a109984 | ||
| 011 | _a110956 | ||
| 040 | _cCHAP | ||
| 090 | _aTesis | ||
| 100 | 1 |
_aPérez Bautista, Abraham _9132874 |
|
| 245 | 1 | 0 |
_aControl de la contaminación por aguas de retorno agrícola en la Subcuenca del Río Nexapa, Pue. _h[En línea] _cpor Abraham Pérez Bautista. |
| 260 |
_aChapingo, Méx. : _bEl autor, _c2016. |
||
| 500 | _aPara ver el contenido del material haga clic en la liga | ||
| 502 | _aTesis (Ing. en Recursos Naturales Renovables) -- UACH. Departamento de Suelos | ||
| 590 |
_aE11695DGD _b10 _c20170801 _lUCH01 _h0905 |
||
| 590 |
_aE5765TAJ _b05 _c20170731 _lUCH01 _h0812 |
||
| 590 |
_aE5765TAJ _b05 _c20170731 _lUCH01 _h0812 |
||
| 650 | 1 | 4 |
_aAgua en agricultura _xAspectos ambientales. _9131142 |
| 650 | 1 | 4 |
_aAgua _xContaminación. _92351 |
| 650 | 1 | 4 |
_aAguas residuales _xImpacto ambiental. _9130738 |
| 650 | 1 | 4 |
_aPesticidas _xEfecto en agua. _987545 |
| 856 |
_aFinding aid _uhttp://10.13.5.2/tesis/sist113523.pdf _zTeclea aquí |
||
| 901 | _aBK | ||
| 942 | _cTESIS | ||
| 942 | _n0 | ||
| 999 |
_c109984 _d109984 |
||